The Spoken Language in Japanese Life (Record no. 57330)

MARC details
000 -LEADER
fixed length control field 00247nam a22001097a 4500
082 ## - DEWEY DECIMAL CLASSIFICATION NUMBER
Classification number MIZ
100 ## - MAIN ENTRY--AUTHOR NAME
Personal name Mizutani, Osamu
245 ## - TITLE STATEMENT
Title The Spoken Language in Japanese Life
260 ## - PUBLICATION, DISTRIBUTION, ETC. (IMPRINT)
Place of publication Japan:
Name of publisher Japan Times,
Year of publication 1981.
300 ## - PHYSICAL DESCRIPTION
Number of Pages 180p. ;
942 ## - ADDED ENTRY ELEMENTS (KOHA)
Koha item type Books
Holdings
Withdrawn status Lost status Home library Current library Date acquired Full call number Accession Number Koha item type
    Central Library, QUEST, Nawabshah Central Library, QUEST, Nawabshah 13/01/2017 MIZ D1760 Books